000 00587nam a2200217Ia 4500
001 22896
008 171108s ii a g b000 u 465 u
082 _a335
100 _aDallin , David J. .
245 0 _aForced Labor in Soviet Russia /
_cDavid J. Dallin & c.
_hTextual Documents
250 _a1st ed. /
260 _aDelhi :
_bPrachi Prakashan ,
_cnd.
300 _a343p. :
_bill ;
_c24cm .
504 _aIndex
653 _aEconomics
653 _aT/G-Economics
653 _aLabor Economy
653 _aEconomics-Russia
700 _aNicolasevsky, B.I. .
942 _2ddc
_cBK
999 _c22878
_d22878